<?xml version="1.0" encoding="UTF-8"?>
<marc:record xmlns:marc="http://www.loc.gov/MARC21/slim">
   <marc:leader>00000nam a2200000 a 4500</marc:leader>
   <marc:datafield ind1="1" ind2=" " tag="100">
      <marc:subfield code="a">Erwa, Jakob M.</marc:subfield>
      <marc:subfield code="4">drt</marc:subfield>
      <marc:subfield code="e">Regisseur/-in</marc:subfield>
   </marc:datafield>
   <marc:datafield ind1=" " ind2=" " tag="653">
      <marc:subfield code="a">Coming of Age</marc:subfield>
   </marc:datafield>
   <marc:datafield ind1=" " ind2=" " tag="653">
      <marc:subfield code="a">Erwachsen werden</marc:subfield>
   </marc:datafield>
   <marc:datafield ind1=" " ind2=" " tag="653">
      <marc:subfield code="a">Freundschaft</marc:subfield>
   </marc:datafield>
   <marc:datafield ind1=" " ind2=" " tag="653">
      <marc:subfield code="a">Literaturverfilmung</marc:subfield>
   </marc:datafield>
   <marc:datafield ind1=" " ind2=" " tag="653">
      <marc:subfield code="a">Erste Liebe</marc:subfield>
   </marc:datafield>
   <marc:datafield ind1=" " ind2=" " tag="653">
      <marc:subfield code="a">Selbstfindung</marc:subfield>
   </marc:datafield>
   <marc:datafield ind1=" " ind2=" " tag="653">
      <marc:subfield code="a">Homosexualität</marc:subfield>
   </marc:datafield>
   <marc:datafield ind1=" " ind2=" " tag="653">
      <marc:subfield code="a">Drama</marc:subfield>
   </marc:datafield>
   <marc:datafield ind1="0" ind2="0" tag="245">
      <marc:subfield code="a">Die Mitte der Welt [DVD]</marc:subfield>
   </marc:datafield>
   <marc:datafield ind1="0" ind2="0" tag="245">
      <marc:subfield code="b">Grandioses Coming-of-Age-Drama</marc:subfield>
   </marc:datafield>
   <marc:datafield ind1=" " ind2="1" tag="264">
      <marc:subfield code="a">München</marc:subfield>
      <marc:subfield code="b">Universum Film GmbH</marc:subfield>
      <marc:subfield code="c">2017</marc:subfield>
   </marc:datafield>
   <marc:datafield ind1="1" ind2=" " tag="520">
      <marc:subfield code="a">DIE MITTE DER WELT ist die überwältigenden Verfilmung von Andreas Steinhöfels Roman-Bestseller. &#xD;
&#xD;
Der siebzehnjährige Phil (Louis Hofmann) ist auf der Suche. So wenig er über seine Vergangenheit und vor allem seinen Vater weiß, so chaotisch ist seine Gegenwart: Mit seiner Mutter Glass (Sabine Timoteo), die mal wieder einen neuen Liebhaber (Sascha Alexander Geršak) hat, der allerdings nicht so schnell aufzugeben scheint wie seine Vorgänger. Mit seiner Zwillingsschwester Dianne (Ada Philine Stappenbeck), die sich immer mehr in ihre eigene Welt zurückzieht, die sie mit niemandem teilt. Zwischen beiden herrscht eine rätselhafte Eiszeit, die auch Tereza (Inka Friedrich) und Pascal (Nina Proll), die auch zu Phils Patchworkfamilie gehören, nicht erklären können. Gut, dass wenigstens auf seine beste Freundin Kat (Svenja Jung) Verlass ist, mit der er gechillt abhängen und rumalbern kann. &#xD;
&#xD;
Und dann passiert es: Ein neuer Schüler betritt nach den Sommerferien die Klasse und Phil verliebt sich in der Sekunde unsterblich. Nicholas (Jannik Schümann) scheint seine Gefühle zwar zu erwidern, doch er gibt Phil auch viele Rätsel auf. Das Chaos ist perfekt. &#xD;
Die erste große Liebe, aber auch Neid, Eifersucht und Geheimniskrämerei, die nicht zuletzt die Freundschaft mit Kat auf eine harte Probe stellt. Phils Suche nach seiner Mitte der Welt wird immer drängender. (Verlagstext)</marc:subfield>
   </marc:datafield>
   <marc:datafield ind1=" " ind2=" " tag="041">
      <marc:subfield code="a">ger</marc:subfield>
   </marc:datafield>
   <marc:datafield ind1=" " ind2=" " tag="338">
      <marc:subfield code="a">Videodisk</marc:subfield>
   </marc:datafield>
   <marc:datafield ind1=" " ind2=" " tag="300">
      <marc:subfield code="a">1 DVD (111 Min.)</marc:subfield>
   </marc:datafield>
</marc:record>
